<?xml version="1.0" encoding="UTF-8"?>
<record
    xmlns:xsi="http://www.w3.org/2001/XMLSchema-instance"
    xsi:schemaLocation="http://www.loc.gov/MARC21/slim http://www.loc.gov/standards/marcxml/schema/MARC21slim.xsd"
    xmlns="http://www.loc.gov/MARC21/slim">

  <leader>03076nam a2200385   4500</leader>
  <controlfield tag="001">OTLid0000004</controlfield>
  <controlfield tag="003">MnU</controlfield>
  <controlfield tag="005">20201105133249.0</controlfield>
  <controlfield tag="006">m     o  d s      </controlfield>
  <controlfield tag="008">180907s2016    mnu     o     0   0 eng d</controlfield>
  <datafield tag="020" ind1=" " ind2=" ">
    <subfield code="a"></subfield>
  </datafield>
  <datafield tag="040" ind1=" " ind2=" ">
    <subfield code="a">MnU</subfield>
    <subfield code="b">eng</subfield>
    <subfield code="c">MnU</subfield>
  </datafield>
  <datafield tag="050" ind1=" " ind2="4">
    <subfield code="a">HF5625</subfield>
  </datafield>
  <datafield tag="050" ind1=" " ind2="4">
    <subfield code="a">HF5001</subfield>
  </datafield>
  <datafield tag="050" ind1=" " ind2="4">
    <subfield code="a">HG173</subfield>
  </datafield>
  <datafield tag="245" ind1="0" ind2="0">
    <subfield code="a">Financial Accounting</subfield>
  </datafield>
  <datafield tag="264" ind1=" " ind2="2">
    <subfield code="b">Open Textbook Library</subfield>
  </datafield>
  <datafield tag="264" ind1=" " ind2="1">
    <subfield code="b">University of Minnesota Libraries Publishing</subfield>
  </datafield>
  <datafield tag="300" ind1=" " ind2=" ">
    <subfield code="a">1 online resource</subfield>
  </datafield>
  <datafield tag="490" ind1="0" ind2=" ">
    <subfield code="a">Open textbook library.</subfield>
  </datafield>
  <datafield tag="505" ind1="0" ind2=" ">
    <subfield code="a">Chapter 1: Why Is Financial Accounting Important? -- Chapter 2: What Should Decision Makers Know So That Good Decisions Can Be Made about an Organization? -- Chapter 3: In What Form Is Financial Information Actually Delivered to Decision Makers Such as Investors and Creditors? -- Chapter 4: How Does an Organization Accumulate and Organize the Information Necessary to Prepare Financial Statements? -- Chapter 5: Why Must Financial Information Be Adjusted Prior to the Production of Financial Statements? -- Chapter 6: Why Should Decision Makers Trust Financial Statements? -- Chapter 7: In a Set of Financial Statements, What Information Is Conveyed about Receivables? -- Chapter 8: How Does a Company Gather Information about Its Inventory? -- Chapter 9: Why Does a Company Need a Cost Flow Assumption in Reporting Inventory? -- Chapter 10: In a Set of Financial Statements, What Information Is Conveyed about Property and Equipment? -- Chapter 11: In a Set of Financial Statements, What Information Is Conveyed about Intangible Assets? -- Chapter 12: In a Set of Financial Statements, What Information Is Conveyed about Equity Investments? -- Chapter 13: In a Set of Financial Statements, What Information Is Conveyed about Current and Contingent Liabilities? -- Chapter 14: In a Set of Financial Statements, What Information Is Conveyed about Noncurrent Liabilities Such as Bonds? -- Chapter 15: In a Set of Financial Statements, What Information Is Conveyed about Other Noncurrent Liabilities? -- Chapter 16: In a Set of Financial Statements, What Information Is Conveyed about Shareholders' Equity? -- Chapter 17: In a Set of Financial Statements, What Information Is Conveyed by the Statement of Cash Flows?</subfield>
  </datafield>
  <datafield tag="520" ind1="0" ind2=" ">
    <subfield code="a">This book is intended for an undergraduate or MBA level Financial Accounting course. It covers the standard topics in a standard sequence, utilizing the Socratic method of asking and answering questions.</subfield>
  </datafield>
  <datafield tag="542" ind1="1" ind2=" ">
    <subfield code="f">Attribution-NonCommercial-ShareAlike</subfield>
  </datafield>
  <datafield tag="546" ind1=" " ind2=" ">
    <subfield code="a">In English.</subfield>
  </datafield>
  <datafield tag="588" ind1="0" ind2=" ">
    <subfield code="a">Description based on print resource</subfield>
  </datafield>
  <datafield tag="650" ind1=" " ind2="0">
    <subfield code="a">Accounting</subfield>
    <subfield code="v">Textbooks</subfield>
  </datafield>
  <datafield tag="650" ind1=" " ind2="0">
    <subfield code="a">Business</subfield>
    <subfield code="v">Textbooks</subfield>
  </datafield>
  <datafield tag="650" ind1=" " ind2="0">
    <subfield code="a">Finance</subfield>
    <subfield code="v">Textbooks</subfield>
  </datafield>
  <datafield tag="710" ind1="2" ind2=" ">
    <subfield code="a">Open Textbook Library</subfield>
    <subfield code="e">distributor</subfield>
  </datafield>
  <datafield tag="856" ind1="4" ind2="0">
    <subfield code="u">https://open.umn.edu/opentextbooks/textbooks/4</subfield>
    <subfield code="z">Access online version</subfield>
  </datafield>
  <datafield tag="999" ind1=" " ind2=" ">
    <subfield code="c">19454</subfield>
    <subfield code="d">19454</subfield>
  </datafield>
  <datafield tag="952" ind1=" " ind2=" ">
    <subfield code="0">0</subfield>
    <subfield code="1">0</subfield>
    <subfield code="2">lcc</subfield>
    <subfield code="4">0</subfield>
    <subfield code="7">0</subfield>
    <subfield code="a">DL</subfield>
    <subfield code="c">OA</subfield>
    <subfield code="d">2020-11-05</subfield>
    <subfield code="l">0</subfield>
    <subfield code="o">HF5625</subfield>
    <subfield code="r">2020-11-05</subfield>
    <subfield code="u">https://open.umn.edu/opentextbooks/textbooks/4</subfield>
    <subfield code="w">2020-11-05</subfield>
    <subfield code="y">EBOOK</subfield>
  </datafield>
</record>
